000 002510000a22000970004500
100 1 _aPretiz, Paul E.
245 1 0 _aManna feeds Panama's pastors
300 _aVol. 73, Num. 1 (Enero-Marzo), Página 11
773 0 _tLatin America Evangelist
942 _cANA
999 _c54687
_d54687